banner-ar

الاثار الاقتصادية للغزو العراقى للكويت دراسة مسحية تحليلية / (Record no. 3927)

MARC details
000 -الفاتح
حقل البيانات ثابتة الطول 00760nam a2200205Ia 4500
008 - عناصر البيانات ثابتة الطول - معلومات عامة
حقل البيانات ثابتة الطول 140319s9999 xx 000 0 ara d
040 ## - مصدر الفهرسة
وكالة الفهرسة الأصلية GCL /
وكالة النسخ GCL
082 04 - رقم تصنيف ديوى العشرى
رقم التصنيف 338.9538
رقم المادة غ ا
100 1# - المدخل الرئيسى - إسم شخصى
الإسم الشخصى غانم سلطان
245 10 - بيان العنوان
العنوان الاثار الاقتصادية للغزو العراقى للكويت دراسة مسحية تحليلية /
بيان المسئوليه,etc غانم سلطان
700 1# - المدخل الاضافى - اسم شخصى
الإسم الشخصى فتحى عبدالله فياض
260 ## - PUBLICATION, DISTRIBUTION, ETC. (IMPRINT)
تاريخ النشر أو التوزيع 1998
300 ## - الوصف المادى
التعداد 200ص
490 ## - بيان السلسلة
عنوان السلسلة حوليات كلية الاداب
رقم المجلد/ التعيين التسلسلي 0
650 04 - المدخل الاضافى بالموضوع-مصطلح موضوعى
مصطلح موضوعي الاقتصاد
650 04 - المدخل الاضافى بالموضوع-مصطلح موضوعى
مصطلح موضوعي الكويت - الاحوال الاقتصادية
650 04 - المدخل الاضافى بالموضوع-مصطلح موضوعى
مصطلح موضوعي الكويت - التنمية الاقتصادية
942 ## - عناصر المدخل الإضافي( كوها)
مصدر التصنيف او مخطط الترفيف Dewey Decimal Classification
Koha [default] item type كتاب
260 ## - PUBLICATION, DISTRIBUTION, ETC. (IMPRINT)
-- الكويت :
-- مجلس النشر العلمى ،
Holdings
حالة التراجع حالة الفقد حالة تلف ليس للاعارة المكان المؤقت الموقع الحالى تاريخ الاكتساب اجمالي اﻻعارات رقم الطلب الباركود تاريخ اخر مشاهدة تاريخ تفعيل السعر نوع وعاء كوها
        مكتبة القاهرة الكبرى مكتبة القاهرة الكبرى 03/26/2014   338.9538\ غ ا 8241 03/26/2014 03/26/2014 كتاب
        مكتبة القاهرة الكبرى مكتبة القاهرة الكبرى 03/26/2014   338.9538\ غ ا 8242 03/26/2014 03/26/2014 كتاب
        مكتبة القاهرة الكبرى مكتبة القاهرة الكبرى 03/26/2014   338.9538\ غ ا 8243 03/26/2014 03/26/2014 كتاب

Powered By

EGPV